Working knowledge: how organizations manage what they know
Saved in:
| Main Authors: | , |
|---|---|
| Format: | Book |
| Language: | English |
| Published: |
Boston
Harvard Business School
1998
|
| Subjects: | |
| Tags: |
Add Tag
No Tags, Be the first to tag this record!
|
MARC
| LEADER | 00000nam a2200000 a 4500 | ||
|---|---|---|---|
| 001 | UCN0527 | ||
| 003 | CL-VaPUC | ||
| 008 | 010323e19980000US |||||||||||||||||eng|d | ||
| 082 | 0 | 4 | |a 658.403 |b DAV |2 21 |
| 100 | 0 | |a Davenport, Thomas H |e author |9 455804 | |
| 700 | 0 | |a Prusak, Laurence |e author |9 455805 | |
| 245 | 1 | 0 | |a Working knowledge: how organizations manage what they know |
| 300 | |a 199 p | ||
| 942 | |c BK | ||
| 945 | |d 20010323 00:00:00 |a vberengu | ||
| 260 | |a Boston |b Harvard Business School |c 1998 | ||
| 650 | 0 | |a Aprendizaje organizacional |9 263803 | |
| 650 | 0 | |a Administración de recursos |9 335387 | |
| 650 | 0 | |a Gestión industrial |9 263790 | |
| 583 | |a last modification |c 20010323 00:00:00 |k Rodrigo Vera | ||
| 999 | |c 294274 |d 294272 | ||
| 952 | |0 0 |1 0 |4 0 |6 658_403000000000000_DAV_1998 |7 0 |8 A |9 346414 |a BIBING |b BIBING |d 2019-11-20 |i 3703770 |o 658.403 DAV 1998 |p 3703770 |r 2025-01-20 |w 2019-11-20 |y BK |k EII | ||